000 00738cam a2200145 4500500
005 20251228053357.0
041 _afre
042 _adc
100 1 0 _aDelleaux, Fulgence
_eauthor
245 0 0 _aJean-Michel Boehler, La Terre, le ciel et les hommes à l’époque moderne. Des réalités de la plaine d’Alsace aux horizons européens, Strasbourg, Publications de la Société Savante d’Alsace, coll. « Recherches et documents, 73 », 2004, 729 p., 30 €, isbn 2904920344
260 _c2005.
500 _a9
786 0 _nHistoire & Sociétés Rurales | 24 | 2 | 2005-10-01 | p. 171y-276y | 1254-728X
856 4 1 _uhttps://shs.cairn.info/revue-histoire-et-societes-rurales-2005-2-page-171y?lang=fr&redirect-ssocas=7080
999 _c1585294
_d1585294